Представление документа в формате RUSMARC

ПолеНазваниеЗначение
  Тип записи a
  Библиографический уровень m
001 Контрольный номер e39605fc39fc4301888917c645196655
005 Дата корректировки 20150602090354.8
200 Заглавие и сведения об ответственности 1_
a Заглавие Международное частное право
b Общее обозначение материала Текст
e Сведения, относящиеся к заглавию учебник
f Первые сведения об ответственности под ред. Г. К. Дмитриевой
210 Выходные данные 1_
a Место издания М.
c Издательство ПРОСПЕКТ
d Дата издания 2001
215 Физическое описание __
a Объем 656 с.
330 Аннотация __
a Аннотация Излагаются все основные общие положения, характеризующие природу и специфику международного частного права, историю российской науки о нем.
606 Тематические рубрики __
a Основная рубрика Международное право
610 Ключевые слова 0_
a Ключевые слова учебник
a Ключевые слова коллизионные нормы
a Ключевые слова государство
a Ключевые слова внешнеэкономические сделки
a Ключевые слова коммерческий арбитраж
686 Индексы других классификаций __
a Классификационный индекс 67.93
2 Код системы rubbk
701 Альтернативная интеллектуальная ответственность _1
a Фамилия Дмитриева
b Имя Г. К.
852 Данные о местонахождении __
i Авторский знак М 431
j Шифр хранения 67.93
938 Служебная информация __
a Название организации Волгоградский филиал
b Имя БД Каталог_ВКИ
c Название АИБС АИБС МАРК-SQL
952 Тип литературы __
b Гриф литературы для ВШ гриф
c Вид литературы учебник